Management (Record no. 347572)

000 -LEADER
fixed length control field 00509 a2200169 4500
020 ## - INTERNATIONAL STANDARD BOOK NUMBER
International Standard Book Number 8185386188
024 ## - OTHER STANDARD IDENTIFIER
Standard number or code 9788185386188
082 ## - DEWEY DECIMAL CLASSIFICATION NUMBER
Classification number 658
090 ## - LOCALLY ASSIGNED LC-TYPE CALL NUMBER (OCLC); LOCAL CALL NUMBER (RLIN)
-- 5152
-- 5152
100 ## - MAIN ENTRY--PERSONAL NAME
Personal name Ivancevich, Donnelly, Gibson.
245 ## - TITLE STATEMENT
Title Management
Remainder of title Principles and Functions
Statement of responsibility, etc. John M. Ivancevich, James H. Donnely, Jr. , James L. Giabson
250 ## - EDITION STATEMENT
Edition statement 4th Ed.
260 ## - PUBLICATION, DISTRIBUTION, ETC.
Place of publication, distribution, etc. New Delhi, India
Name of publisher, distributor, etc. A.I.T.B.S Publisers & Distributors (Regd.)
Date of publication, distribution, etc. 2005
300 ## - PHYSICAL DESCRIPTION
Extent 762
500 ## - GENERAL NOTE
General note papercover
942 ## - ADDED ENTRY ELEMENTS (KOHA)
Institution code [OBSOLETE] NBS
Koha item type Book
Call number prefix 658 IVA
Holdings
Withdrawn status Lost status Damaged status Not for loan Permanent Location Current Location Date acquired Total Checkouts Full call number Barcode Date last seen Price effective from Koha item type
        Central Library (CL) Central Library (CL) 08/28/2013   658 IVA NBS7059 08/28/2013 08/28/2013 Book
© 2023 Central Library, National University of Sciences and Technology. All Rights Reserved.